Mạng căn bản Metworking Essential
Nội dung trình bày gồm 8 phần: Định hướng mạng; Nối kết các thành phần mạng; Phương thức vận hành; Kiến trúc mạng; Hoạt động mạng; Quản trị và hỗ trợ mạng; Các mạng lớn hơn; Giải quyết vần đề mạng
Đã lưu trong:
| Tác giả chính: | |
|---|---|
| Định dạng: | Sách |
| Năm xuất bản: |
Tp. HCM.
Thống kê
2000
|
| Chủ đề: | |
| Tags: |
Thêm thẻ
Không có thẻ, Hãy là người đầu tiên gắn thẻ bản ghi này!
|
| LEADER | 00771nam a2200157 4500 | ||
|---|---|---|---|
| 082 | |a 004.67 |b M106c | ||
| 100 | |a VN-Guide | ||
| 245 | |a Mạng căn bản Metworking Essential |c VN-Guide | ||
| 260 | |a Tp. HCM. |b Thống kê |c 2000 | ||
| 300 | |a 763 tr. |c 21 cm. | ||
| 520 | |a Nội dung trình bày gồm 8 phần: Định hướng mạng; Nối kết các thành phần mạng; Phương thức vận hành; Kiến trúc mạng; Hoạt động mạng; Quản trị và hỗ trợ mạng; Các mạng lớn hơn; Giải quyết vần đề mạng | ||
| 653 | |a Tin học | ||
| 653 | |a Mang Internet | ||
| 942 | |2 ddc |c SH | ||
| 999 | |c 8045 |d 8045 | ||
| 952 | |0 0 |1 0 |2 ddc |4 0 |6 004_670000000000000_M106C |7 0 |8 000 |9 69135 |a qbu |b qbu |c D2 |d 2015-03-31 |g 100000 |o 004.67 M106c |p 7245.c1 |r 0000-00-00 |w 2015-03-31 |y SH | ||